Feline Pokémon - Statistics

General Stats
  • This quiz has been taken 9 times
  • The average score is 16 of 31
Answer Stats
Hint Answer % Correct
I Meowth
100%
Persian
88%
Glameow
75%
Litten
75%
V Purrloin
75%
Purugly
75%
IX Sprigatito
75%
Torracat
75%
Delcatty
63%
Espurr
63%
Incineroar
63%
Liepard
63%
VI Litleo
63%
Pyroar
63%
III Skitty
63%
Floragato
50%
Meowscarada
50%
Meowstic
50%
Mew
50%
Mewtwo
50%
Luxray
38%
VIII Meowth Galar
38%
IV Shinx
38%
Absol
25%
Chien-Pao
25%
Luxio
25%
VII Meowth Alola
25%
Perrserker
25%
Persian Alola
25%
Solgaleo
25%
Zeraora
25%
No matching quizzes found
Score Distribution
Percent of People with Each Score
Percentile by Number Answered
Your Score History
You have not taken this quiz